00790cam a2200217 a 450000100100000000500170001000800410002702000150006804000250008308200200010810000370012824500330016526001070019830000200030549000220032565000280034765000300037583000290040595201230043499900150055700000485720200929151523.0970618s1996 mx 000 0 spa  a9682987695 aDO-SdBNPbspacBNPHU aMx861.44bA657t1 aAquino, Alfonso D'd1959-91408210aTanagra /cAlfonso D'Aquino. aMéxico :bConsejo Nacional para la Cultura y las Artes, Dirección General de Publicaciones,c1996. a81 p. ;c21 cm.1 aPráctica Mortal 4aPoesía mexicana99120 4aLiteratura mexicana91922 0aPráctica Mortal914083 001052708MOaGRbGRcCTd2009-07-27iLF1l0oMx861.44 A657tp4857-10r2020-06-25w2020-06-25y2ZPréstamo interno c4663d4663